Causeries d'un curieux (Record no. 54123)

MARC details
000 -LEADER
campo de control de longitud fija 00656nam a22001935i 4500
001 - NÚMERO DE CONTROL
campo de control 54123
003 - IDENTIFICADOR DE NÚMERO DE CONTROL
campo de control ES-MaACL
005 - FECHA Y HORA DE LA ÚLTIMA TRANSACCIÓN
campo de control 20250812062559.0
007 - CAMPO FIJO DE DESCRIPCIÓN FÍSICA--INFORMACIÓN GENERAL
campo de control de longitud fija t|
008 - DATOS DE LONGITUD FIJA--INFORMACIÓN GENERAL
campo de control de longitud fija 960711m18621868fr ||||1| fre d
040 ## - FUENTE DE CATALOGACIÓN
Centro catalogador/agencia de origen CAM
Lengua de catalogación spa
Centro/agencia transcriptor CAM
100 1# - ENTRADA PRINCIPAL--NOMBRE DE PERSONA
Nombre de persona Feuillet de Conches, Félix-Sébastien,
Fechas asociadas al nombre 1798-1887
9 (RLIN) 50642
245 10 - MENCIÓN DEL TÍTULO
Título Causeries d'un curieux
Resto del título : variétés d'histoire et d'art, tirées d'un cabinet d'autographes et de dessins /
Mención de responsabilidad, etc. par F. Feuillet de Conches.
260 ## - PUBLICACIÓN, DISTRIBUCIÓN, ETC.
Lugar de publicación, distribución, etc. Paris :
Nombre del editor, distribuidor, etc. Henri Plon,
Fecha de publicación, distribución, etc. 1862-1868.
300 ## - DESCRIPCIÓN FÍSICA
Extensión 4 v. :
Otras características físicas il. ;
Dimensiones 23 cm.
650 07 - PUNTO DE ACCESO ADICIONAL DE MATERIA--TÉRMINO DE MATERIA
Término de materia o nombre geográfico como elemento de entrada Arte
Fuente del encabezamiento o término embne
9 (RLIN) 10068
852 ## - LOCALIZACIÓN
Ubicación ES-MaACL
Número de control de estantería G-13657-60
Holdings
Estatus retirado Estado de pérdida Estado de daño No para préstamo Colección Biblioteca de origen Biblioteca actual Ubicación en estantería Fecha de adquisición Fuente de adquisición Total de préstamos Signatura topográfica completa Código de barras Visto por última vez Precio de reemplazo Tipo de ítem Koha
        Libros del s. XIX Biblioteca del Ateneo de Madrid Biblioteca del Ateneo de Madrid Sala Pecera Planta 3 17/01/2008     G-13657-60 1056880 23/02/2023 23/02/2023 Libro impreso antiguo